Statistics for Title in the Lyrics Quiz #8

Click here to take the quiz!

General Stats

  • This quiz has been taken 45,004 times
    (34,316 since last reset)
  • The average score is 9 of 17

Answer Stats

Song Lyric% Correct
I just met you, and this is crazy / but here's my number, so {Call} {Me}, {Maybe}?
96%
Because I’m {Happy} / Clap along if you feel like a room without a roof
82%
I said maybe / You're gonna be the one that saves me / And after all / You're my {Wonderwall}
70%
I got passion in my pants and I ain't afraid to show it / {I}'{m} {Sexy} {and} {I} {Know} {It}
65%
All the other kids with the {Pumped} {Up} {Kicks} / You'd better run, better run, outrun my gun
63%
Can we pretend that {Airplanes} / In the night sky are like shooting stars? / I could really use a wish right now
61%
Tonight, {We} {Are} {Young} / So let's set the world on fire / We can burn brighter than the sun
60%
{Every} {Breath} {You} {Take} / Every move you make / Every bond you break /
Every step you take / I'll be watching you
58%
{Mr}. {Sandman}, bring me a dream / Make him the cutest that I've ever seen
51%
You broke my will / oh what a thrill / Goodness gracious {Great} {Balls} {of} {Fire}
45%
Hold me closer {Tiny} {Dancer} / Count the headlights on the highway
40%
Oh my darling / Oh my darling / {Oh} {My} {Darling} {Clementine} / You are lost and gone forever
39%
Oh {Danny} {Boy}, the pipes, the pipes are calling / From glen to glen, and down the mountain side
36%
{Hello} {Ma} {Baby} / Hello ma honey / Hello ma ragtime gal
33%
Should old acquaintance be forgot / and {Auld} {Lang} {Syne}
31%
{Life} {is} {a} {Highway} / I wanna ride it all night long
30%
I don't want anybody else / When I think about you / {I} {Touch} {Myself}
28%

Score Distribution

Percentile by Number Answered

Percent of People with Each Score

Your Score History

You have not taken this quiz since the last reset